000
00263nam a22001217a 4500
008
181029b xxu||||| |||| 00| 0 eng d
041
_a
eng
080
_a
616
100
_a
8
101
_a
KAR
245
_a
Cardiac Arrhythmias
_c
Prystowsky, E.N
942
_2
udc
_c
BK
999
_c
51065
_d
51065